000 00226nam a22000857a 4500
008 160926b xxu||||| |||| 00| 0 eng d
100 _9739
_aGangal.J.K.
245 _aEnglish Grammar-7
260 _aNew Delhi
_bRachna Publications
_c2011
999 _c3396
_d3396